00418nam a22000977a 4500008004100000100002600041245010900067260007700176300001600253650005100269200415b ||||| |||| 00| 0 eng d aElizabeth Sidiropolos aSoutj African Journal of International AffairscEdited by Elizabeth Sidiropolos and Diana GameshEnglish aSouth AfricabThe South African Institute of International Affairsc2006 a198p.c24cm 2South African Journal of International Affairs